[Event "POL-chT13 DMP 2 liga corr"]
[Site "Poland"]
[Date "2000.??.??"]
[Round "?"]
[White "Riedel, Eugeniusz"]
[Black "Peczkowski, Marek"]
[Result "1/2-1/2"]
[WhiteElo "2006"]
[BlackElo "2161"]
[PlyCount "71"]
[EventDate "2000.??.??"]
[EventType "team (corr)"]
[EventRounds "14"]
[EventCountry "POL"]
[SourceTitle "Corr 2004"]
[Source "ChessBase"]
[SourceDate "2003.04.28"]
[SourceVersion "3"]
[SourceVersionDate "2003.04.28"]
[SourceQuality "1"]

1. e4 c5 2. Nf3 d6 3. d4 cxd4 4. Nxd4 Nf6 5. Nc3 a6 6. Bd3 e5 7. Nde2 Be6 8. 0-0 Be7 9. f4 Qc7 10. f5 Bc4 11. b3 Bxd3 12. Qxd3 Nbd7 13. Bg5 Nc5 14. Qe3 Ncd7 15. Qf3 b5 16. Rac1 0-0 17. Be3 b4 18. Na4 Qc6 19. Ng3 d5 20. exd5 Qxd5 21. Qe2 Rfc8 22. c4 bxc3 23. Nxc3 Qb7 24. Na4 Bb4 25. Rfd1 Rxc1 26. Rxc1 Rc8 27. Rxc8+ Qxc8 28. Qc4 Qxc4 29. bxc4 Kf8 30. Kf1 Ke7 31. Ke2 Kd6 32. Kd3 Nc5+ 33. Nxc5 Bxc5 34. Bg5 Nd7 35. Ne4+ Kc6 36. g4 1/2-1/2

[Event "POL-chT13 DMP 2 liga corr"]
[Site "Poland"]
[Date "2000.??.??"]
[Round "?"]
[White "Riedel, Eugeniusz"]
[Black "Wiesiolek, Jan"]
[Result "1-0"]
[WhiteElo "2006"]
[BlackElo "1800"]
[PlyCount "31"]
[EventDate "2000.??.??"]
[EventType "team (corr)"]
[EventRounds "14"]
[EventCountry "POL"]
[SourceTitle "Corr 2004"]
[Source "ChessBase"]
[SourceDate "2003.04.28"]
[SourceVersion "3"]
[SourceVersionDate "2003.04.28"]
[SourceQuality "1"]

1. e4 d5 2. exd5 Qxd5 3. Nc3 Qa5 4. Nf3 Nf6 5. d3 Bg4 6. Be2 Nc6 7. h3 Bh5 8. Bd2 0-0-0 9. a3 Bxf3 10. Bxf3 Nd4 11. 0-0 e5 12. Re1 Bd6 13. Ne4 Qb6 14. Nxd6+ Qxd6 15. Bb4 c5 16. Bc3 1-0